Top 100 WAR MLB History - Statistics

General Stats
  • This quiz has been taken 72 times
  • The average score is 58 of 100
Answer Stats
Hint Answer % Correct
Yankees (RF) Babe Ruth (182.6)
98%
Giants (LF) Barry Bonds (162.8)
98%
Braves (RF) Hank Aaron (143.2)
98%
Giants (CF) Willie Mays (156.2)
98%
Yankees (CF) Mickey Mantle (110.3)
95%
Red Sox (SP) Pedro Martinez (83.9)
95%
Diamondbacks (SP) Randy Johnson (101.1)
93%
Twins (SP) Walter Johnson (167.8)
93%
Yankees (3B) Alex Rodriguez (117,4)
91%
Braves (SP) Greg Maddux (106.6)
91%
Red Sox (SP) Roger Clemens (139.2)
91%
Red Sox (LF) Ted Williams (121.8)
91%
Tigers (CF) Ty Cobb (151.4)
91%
Cardinals (LF) Stan Musial (128.6)
89%
Cardinals (1B) Albert Pujols (101.2)
87%
Red Sox (SP) Cy Young (163.6)
87%
Yankees (1B) Lou Gehrig (113.7)
87%
Nationals (SP) Max Scherzer (75.6)
87%
Orioles (3B) Brooks Robinson (78.3)
85%
Reds (RF) Frank Robinson (107.2)
85%
Pirates (SS) Honus Wagner (131.1)
85%
Pirates (RF) Roberto Clemente (95.0)
85%
Dodgers (SP) Clayton Kershaw (80.9)
84%
Astos (SP) Justin Verlander (81.7)
84%
Angels (CF) MIke Trout (87.5)
84%
Braves (SP) Tom Glavine (80.7)
84%
Mets (SP) Tom Seaver (109.9)
84%
Reds (C) Johnny Bench (75.1)
82%
Braves (3B) Chipper Jones (85.3)
80%
Yankees (SS) Derek Jeter (71.3)
80%
Royals (3B) George Brett (88.6)
80%
Phillies (3B) Mike Schmidt (106.9)
80%
Athletics (LF) Rickey Henderson (111.2)
80%
Cardinals (SP) Bob Gibson (89.2)
78%
Angels (SP) Nolan Ryan (81.3)
76%
Cardinals (SS) Ozzie Smith (76.9)
76%
Yankees (CF) Joe Dimaggio (79.1)
75%
Rangers (3B) Adrian Beltre (93.7)
73%
Reds (LF) Pete Rose (79.6)
73%
White Sox (1B) Frank Thomas (73.8)
71%
Guardians (DH) Jim Thome (72.9)
71%
Reds (2B) Joe Morgan (100.6)
71%
Brewers (SS) Robin Yount (77.4)
71%
Phillies (SP) Steve Carlton (90.2)
71%
Tigers (RF) Al Kaline (92.8)
69%
Astros (1B) Jeff Bagwell (79.9)
69%
Mariners (CF) Ken Griffey Jr (83.8)
65%
Athletics (RF) Reggie Jackson (74.0)
65%
Cardinals (2B) Rogers Hornsby (127.3)
65%
Athletics (1B) Jimmie Foxx (92.9)
64%
Braves (LF) Eddie Mathews (96.0)
62%
Red Sox (CF) Tris Speaker (134.9)
62%
Rockies (RF) Larry Walker (72.7)
60%
Guardians (2B) Nap Lajoie (106.9)
60%
Athletics (SP) Lefty Grove (106.8)
58%
Giants (RF) Mel Ott (111.0)
58%
Red Sox (3B) Wade Boggs (91.4)
58%
Braves (SP) Warren Spahn (100.1)
58%
Orioles (SS) Cal Ripken Jr (95.9)
56%
Brewers (3B) Paul Molitor (75.7)
56%
Twins (1B) Rod Carew (81.2)
56%
Giants (SP) Christy Mathewson (106.7)
53%
Cubs (SP) Fergie Jenkins (84.1)
51%
Dodgers (RF) Mookie Betts (75.1)
51%
Royals (SP) Zack Greinke (77.4)
49%
Twins (SP) Bert Blyleven (94.5)
47%
Phillies (SP) Curt Schilling (79.5)
47%
Tigers (SS) Alan Trammell (70.6)
45%
Cubs (1B) Cap Anson (94.3)
44%
Red Sox (LF) Carl Yastrzemski (96.4)
44%
Orioles (SP) Mike Mussina (82.8)
44%
White Sox (2B) Eddie Collins (124.2)
42%
Tigers (2B) Lou Whitaker (75.1)
40%
Braves (SP) Phil Niekro (95.9)
40%
Phillies (SP) Robin Roberts (86.2)
40%
Giants (SP) Gaylord Perry (90.0)
38%
Cubs (SP) Grover Alexander (119.7)
35%
White Sox (SS) Luke Appling (77.2)
35%
Pirates (RF) Paul Waner (74.7)
35%
Tigers (2B) Charlie Gehringer (84.8)
33%
Angels (2B) Bobby Grich (71.1)
25%
Pirates (SS) Arky Vaughn (77.9)
24%
Cardinals (1B) Johnny Mize (70.6)
24%
Athletics (SP) Eddie Plank (91.2)
22%
Red Sox (SP) Kid Nichols (116.3)
22%
Cardinals (2B) Frankie Frisch (72.0)
16%
Tigers (RF) Sam Crawford (75.3)
16%
Giants (SS) George Davis (84.5)
15%
Tigers (RF) Harry Heilmann (72.2)
13%
Red Sox (SP) Old Hoss Radbourn (75.4)
11%
Pirates (SP) Pud Galvin (73.4)
11%
Giants (SP) Tim Keefe (86.9)
11%
Tigers (1B) Dan Brouthers (78.7)
9%
White Sox (SP) Ted Lyons (70.7)
9%
Cardinals (SS) Bobby Wallace (76.4)
7%
Red Sox (SP) John Clarkson (83.2)
4%
Giants (1B) Roger Connor (84.3)
4%
Dodgers (SS) Bill Dahlen (75.2)
2%
Guardians (SP) Jim McCormick (76.2)
0%
Rangers (1B) Rafael Palmerio (71.9)
0%
No matching quizzes found
Score Distribution
Percent of People with Each Score
Percentile by Number Answered
Your Score History
You have not taken this quiz